Villes d'Île-de-France - Carte Quiz - Statistiques

Statistiques générales
  • Ce quiz a été pris 26 586 fois
  • Le résultat moyen est 8 sur 12
Réponses sur la Carte
Les réponses sont colorées sur une échelle allant du rouge au vert en fonction du pourcentage des utilisateurs qui les ont devinées à leur premier essai. Vous pouvez retrouver ces pourcentages ci-dessous.
 
Statistiques - réponses
Réponse % Correct
Paris
92%
Versailles
73%
Nanterre
72%
Saint-Denis
67%
Créteil
65%
Melun
61%
Évry-Courcouronnes
56%
Pontoise
56%
Bobigny
55%
Mantes-la-Jolie
55%
Meaux
53%
Étampes
49%
Aucun quiz correspondant
Distribution des résultats
% des personnes avec chaque résultat
Percentile par nombre de réponses
Votre historique - résultats
Vous n’avez pas pris ce quiz